Geography by Letter- N - Statistics

General Stats
  • This quiz has been taken 172 times
  • The average score is 12 of 15
Answer Stats
Hint Answer % Correct
Longest river in the world Nile
100%
Capital of India New Delhi
96%
USA States New York
88%
North Carolina
87%
North Dakota
86%
European Countries Norway
86%
New Jersey
84%
Nebraska
82%
Nevada
80%
Netherlands
79%
New Mexico
79%
New Hampshire
77%
Canadian Provinces Newfoundland
74%
Nova Scotia
53%
New Brunswick
48%
No matching quizzes found
Score Distribution
Percent of People with Each Score
Percentile by Number Answered
Your Score History
You have not taken this quiz